Príspevok krajín V4 ku globálnej nerovnováhe
Analýza rozsahu prispievania ekonomík V4 k nestabilite svetovej ekonomiky a identifikácia potenciálnej hrozby ich budúceho vývoja.
Na minha lista:
| Autor principal: | |
|---|---|
| Formato: | Capítulo de Livro |
| Idioma: | eslovaco |
| Assuntos: | |
| Tags: |
Sem tags, seja o primeiro a adicionar uma tag!
|
MARC
| LEADER | 00000naa a2200000 4500 | ||
|---|---|---|---|
| 001 | 0161690 | ||
| 005 | 20240502072814.4 | ||
| 041 | 0 | |a slo | |
| 044 | |a SK | ||
| 245 | 1 | 0 | |a Príspevok krajín V4 ku globálnej nerovnováhe |c Jana Kotlebová |
| 520 | |a Analýza rozsahu prispievania ekonomík V4 k nestabilite svetovej ekonomiky a identifikácia potenciálnej hrozby ich budúceho vývoja. | ||
| 610 | 2 | 0 | |a Vyšehradská štvorka |
| 610 | 2 | 0 | |a kríza hospodárska |
| 610 | 2 | 0 | |a produkt domáci hrubý |
| 610 | 2 | 0 | |a hospodárstvo svetové |
| 610 | 2 | 0 | |a prognózy hospodárske medzinárodné |
| 610 | 2 | 0 | |a nerovnováha hospodárska |
| 100 | 1 | |a Kotlebová, Jana, 1969- | |